Michael Coaten v PBS Corporation (Record no. 77459)
[ view plain ]
| 000 -LEADER | |
|---|---|
| fixed length control field | 01460cab a2200193 4500 |
| 001 - CONTROL NUMBER | |
| control field | ##L134333 |
| 008 - FIXED-LENGTH DATA ELEMENTS--GENERAL INFORMATION | |
| fixed length control field | 060726n2006 000 0 eng u |
| 035 ## - SYSTEM CONTROL NUMBER | |
| System control number | (Sirsi) u134333 |
| 041 0# - LANGUAGE CODE | |
| Language code of text/sound track or separate title | eng |
| 245 00 - TITLE STATEMENT | |
| Title | Michael Coaten v PBS Corporation |
| 260 ## - PUBLICATION, DISTRIBUTION, ETC. | |
| Date of publication, distribution, etc. | 2006 |
| 520 ## - SUMMARY, ETC. | |
| Summary, etc. | [2006] EWHC 1781 (Ch), 18 July 2006. Concerns the interpretation of an agreement between a company owning a flat and the main occupant of the flat which gave the occupant an option to purchase the lease on the death of the owner of the company. C sold a flat to a company (P) owned by a long-standing friend, with an agreement that C claimed obliged P to sell the flat back to C, if C wanted it, on the death of the friend. P disputed this interpretation, also claiming that the correspondence that ensued did not create a contract as it did not comply with provisions of the Law of Property (Miscellaneous Provisions) Act 1989 s2. "Held": the clause at issue placed on P an immediate obligation to sell the flat to C on the death of C's friend. This interpretation was what the parties had intended commercially. |
| 590 ## - LOCAL NOTE (RLIN) | |
| Local note | IKA010806 |
| 650 24 - SUBJECT ADDED ENTRY--TOPICAL TERM | |
| Topical term or geographic name entry element | LAW OF PROPERTY (MISCELLANEOUS PROVISIONS) ACT 1989 S2 |
| 651 #4 - SUBJECT ADDED ENTRY--GEOGRAPHIC NAME | |
| Geographic name | England and Wales |
| Chronological subdivision | 1543- |
| 690 ## - LOCAL SUBJECT ADDED ENTRY--TOPICAL TERM (OCLC, RLIN) | |
| Topical term or geographic name as entry element | PROPERTY-RESIDENTIAL PROPERTY-RESIDENTIAL LANDLORD AND TENANT-RESIDENTIAL TENANCIES |
| 856 40 - ELECTRONIC LOCATION AND ACCESS | |
| Uniform Resource Identifier | <a href="https://www.bailii.org/ew/cases/EWHC/Ch/2006/1781.html">https://www.bailii.org/ew/cases/EWHC/Ch/2006/1781.html</a> |
| Public note | View the item free of charge at www.bailii.org... |
| 942 ## - ADDED ENTRY ELEMENTS (KOHA) | |
| Suppress in OPAC | 0 |
| Withdrawn status | Lost status | Source of classification or shelving scheme | Damaged status | Not for loan | Home library | Current library | Shelving location | Date acquired | Total Checkouts | Full call number | Barcode | Date last seen | Copy number | Price effective from | Koha item type |
|---|---|---|---|---|---|---|---|---|---|---|---|---|---|---|---|
| Dewey Decimal Classification | Virtual | Virtual | Online | 26/07/2006 | ONLINE PUBLICATION | 134333-2001 | 06/08/2019 | 1 | 06/08/2019 | Law report |